000 00853cam a22002651 4500
001 sa 65007225
003 DLC
005 20260227112148.0
008 830502s1965 ii 000 0 eng
010 _asa 65007225
035 _a(OCoLC)9467951
040 _aDLC
_cViU-L
_dViU-L
_dOCoLC
_dDLC
042 _apremarc
043 _aa-ii---
050 0 0 _aKNS451
_b.B56 1965
100 1 _aBindra, Narotam Singh.
245 1 4 _aThe interpretation of statutes and General clauses acts (central and states) with words and phrases,
_cby N. S. Bindra.
250 _a4th ed.
260 _aAllahabad,
_bLaw Book Co.,
_c1965.
300 _acxi, 1175 p.
_c25 cm.
500 _aIncludes legislation.
650 0 _aLaw
_zIndia
_xInterpretation and construction.
650 0 _aLaw
_zIndia
_xStates
_xInterpretation and construction.
710 1 2 _aIndia.
_tLaws, etc.
999 _c65129
_d65129